LEADER 00643naa a2200133 i 4500 001 000000328446 003 CaOOAMICUS 005 20180831173600.0 008 180831n xx u000 u ger u 013 $a40061 040 $aSeMil$bita 245 10$aSeelsorgeeinheiten unddie Patoral an Anderssprachigen. 773 0 $aChiesa cattolica : Pontificio consiglio della pastorale per i migranti e gli itineranti$tStrutture di pastorale migratoria.$dCittà del Vaticano : Libreria Editrice Vaticana, 2008.$kQuaderni universitari$z978-88-209-8046-7$gp.142-151$w()79200 996 $6245$aSeelsorgeeinheiten unddie Patoral an Anderssprachigen$9(OLS)http://semarc/title/417015 LEADER 00778nam a2200181 i 4500 001 000000252785 003 CaOOAMICUS 005 20170206000000.0 008 170206s1740 xx u000 u lat u 013 $a231690 026 $at.5. i-is ama- reri (3) 1740 (R) 040 $aSeMil$bita 245 10$aPars 2. 300 $a[2], 1232, [91] p. 773 0 $aWolff, Johann Christian <1689-1770>$tMonumenta typographica, quae artis hujus praestantissimae originem, laudem et abusum posteris produnt, instaurata studio et labore Jo. Christiani Wolfii ... Pars 1. [-2.].$dHamburgi : Sumtibus Christiani Heroldi, 1740.$g2$w()4119 850 $aSeMil 852 $aSeMil$W1$xVenegono$y1$m3Q I 13 FA$j203131$B203131$CSeMilBibl$Z2$F215841 $8I 996 $6245$aPars 2$9(OLS)http://semarc/title/49797 LEADER 01230nam a2200301 i 4500 001 000000240849 003 CaOOAMICUS 005 20150414000000.0 008 150414s2014 it u000 u ita u 013 $a219754 020 $a978-88-307-2255-2 040 $aSeMil$bita 100 1 $aBettazzi, Luigi,$c.$0(OLS)http://semarc/name/18965 245 10$aQuale Chiesa? Quale Papa? /$cLuigi Bettazzi. 260 $aBologna :$bEMI,$c2014. 300 $a123 p. ;$c21 cm. 490 0 $aEmisferi 490 0 $aCaleidoscopio. Compact ;$v1 650 4$aChiesa - Meditazioni.$0(OLS)http://semarc/subject/7470 650 4$aChiesa - Sec. 20. - Periodo postconciliare - Prospettive.$0(OLS)http://semarc/subject/3854 830 0$aEmisferi.$0(OLS)http://semarc/title/15597 830 0$aCaleidoscopio. Compact ;$v1.$0(OLS)http://semarc/title/43080 850 $aSeMil 852 $aSeMil$W1$xVenegono$y1$m2F I 462$j191195$B191195$CSeMilBibl$Z2$F202493 $81 961 $aOmaggio: Ferraris, Alberto 996 $6020$a978-88-307-2255-2$9(OLS)http://semarc/number/247286 996 $6245$aQuale Chiesa? Quale Papa?$9(OLS)http://semarc/title/342399 996 $6260$aBologna :$bEMI$9(OLS)http://semarc/publisher/29618 LEADER 00859nam a2200205 i 4500 001 000000051255 003 CaOOAMICUS 005 20100408000000.0 008 100408s1946 it u000 u ita u 013 $a22427 040 $aSeMil$bita 100 1 $aQuacquarelli, Antonio.$0(OLS)http://semarc/name/3 245 13$aLa crisi della religiosità contemporanea dal sillabo al Concilio Vaticano /$cAntonio Quacquarelli. 260 $aBari :$bLaterza & Figli,$c1946. 300 $a234 p. ;$c22 cm. 650 4$aReligiosità.$0(OLS)http://semarc/subject/5990 850 $aSeMil 852 $aSeMil$W1$xVenegono$y1$m2F III 119$j17410$B17410$CSeMilBibl$Z2$F17411 $81 996 $6245$aLa crisi della religiosità contemporanea dal sillabo al Concilio Vaticano$9(OLS)http://semarc/title/78450 996 $6260$aBari :$bLaterza & Figli$9(OLS)http://semarc/publisher/29663 LEADER 01409nam a2200289 i 4500 001 000000064746 003 CaOOAMICUS 005 20131014000000.0 008 131014s1963 xx u000 u fre u 013 $a35918 040 $aSeMil$bita 100 1 $aRenaud, Bernard.$0(OLS)http://semarc/name/17480 245 10$aJe suis un Dieu Jaloux :$bévolution sémantique et signification théologique de qine'ah /$cBernard Renaud. 246 04$iTitolo in copertina:$aJe suis un Dieu Jaloux : étude d'un thème biblique 260 $aParis :$bLes Éditions du Cerf,$ccopyr. 1963. 300 $a159 p. ;$c23 cm. 490 0 $aLectio divina [Cerf] ;$v36 500 $aContiene : Appendice. 650 4$aTeologia biblica - AT.$0(OLS)http://semarc/subject/540 650 4$aBibbia - Dio - Immagine.$0(OLS)http://semarc/subject/10577 650 4$aBibbia - Dio - Gelosia.$0(OLS)http://semarc/subject/12631 830 0$aLectio divina ;$v36.$0(OLS)http://semarc/title/8 850 $aSeMil 852 $aSeMil$W1$xVenegono$y1$m2WA K 36$j30899$B30899$CSeMilBibl$Z2$F30902 $81 996 $6245$aJe suis un Dieu Jaloux :$bévolution sémantique et signification théologique de qine'ah$9(OLS)http://semarc/title/102613 996 $6246$aJe suis un Dieu Jaloux : étude d'un thème biblique$9(OLS)http://semarc/title/102614 996 $6260$aParis :$bLes Éditions du Cerf$9(OLS)http://semarc/publisher/29611 LEADER 01248nam a2200265 i 4500 001 000000202962 003 CaOOAMICUS 005 20200907101111.0 008 110608s1938 it u000 u ita u 013 $a181674 040 $aSeMil$bita 245 10$aManuale delle funzioni parrocchiali :$bRito Ambrosiano : ricordo della Prima S. Comunione. 246 04$iTitolo in copertina:$aRicordo della Prima Comunione : le funzioni parrocchiali in Rito Ambrosiano 250 $aSeconda edizione riveduta e ampliata. 260 $aVarese :$bLa Tipografica Varese,$c1938. 300 $a142 p. ;$c13 cm. 650 4$aPrima comunione.$0(OLS)http://semarc/subject/11123 650 4$aRito ambrosiano.$0(OLS)http://semarc/subject/2295 850 $aSeMil 852 $aSeMil$W1$xVenegono$y1$m5D IX 17/36$j153458$B153458$CSeMilBibl$Z2$F164393 $81 961 $aOmaggio: Altro 996 $6245$aManuale delle funzioni parrocchiali :$bRito Ambrosiano : ricordo della Prima S. Comunione$9(OLS)http://semarc/title/293791 996 $6246$aRicordo della Prima Comunione : le funzioni parrocchiali in Rito Ambrosiano$9(OLS)http://semarc/title/293792 996 $6260$aVarese :$bLa Tipografica Varese$9(OLS)http://semarc/publisher/39993 LEADER 00970nam a2200229 i 4500 001 000000070367 003 CaOOAMICUS 005 20080818000000.0 008 080818s1968 fr u000 u fre u 013 $a41539 040 $aSeMil$bita 100 1 $aSchaff, Adam.$0(OLS)http://semarc/name/35054 245 13$aLe marxisme et l'individu :$bcontribution à la philosophie marxiste de l'homme /$cAdam Schaff. 260 $aParis :$bArmand Colin,$c1968. 300 $a271 p. ;$c21 cm. 490 0 $aSciences politiques 650 4$aUomo - Filosofia marxista.$0(OLS)http://semarc/subject/14035 830 0$aSciences politiques.$0(OLS)http://semarc/title/26205 850 $aSeMil 852 $aSeMil$W1$xVenegono$y1$m2P II 284$j36520$B36520$CSeMilBibl$Z2$F36523 $81 996 $6245$aLe marxisme et l'individu :$bcontribution à la philosophie marxiste de l'homme$9(OLS)http://semarc/title/112944 996 $6260$aParis :$bArmand Colin$9(OLS)http://semarc/publisher/34808 LEADER 00492naa a2200145 i 4500 001 000000301202 003 CaOOAMICUS 005 20180831172717.0 008 180831n xx u000 u und u 013 $a8925 040 $aSeMil$bita 100 1 $aPellae-Bougnol, Florence.$0(OLS)http://semarc/name/86467 245 12$aI francesi al carnevale di Venezia. 773 0 $tVenezia e Parigi.$dMilano : Electa, copyr. 1989.$w()35136 996 $6245$aI francesi al carnevale di Venezia$9(OLS)http://semarc/title/377210 LEADER 01403nam a2200289 i 4500 001 000000073229 003 CaOOAMICUS 005 20221202105749.0 008 090522s1967 fr u000 u fre u 013 $a44401 040 $aSeMil$bita 100 0 $aThomas : Gallus,$d.$0(OLS)http://semarc/name/116888 245 10$aCommentaires du Cantique des Cantiques /$cThomas Gallus ; texte critique avec introduction, notes et tables par Jeanne Barbet ; préface de André Combes. 264 1$aParis :$bLibrairie Philosophique J. Vrin,$c1967. 300 $a283 p. ;$c26 cm. 490 0 $aTextes philosophiques du Moyen Age ;$v14. 650 4$aBibbia. Antico Testamento. Cantico dei Cantici - Commentari, studi, critica, interpretazioni.$0(OLS)http://semarc/subject/5490 700 1 $aBarbet, Jeanne.$0(OLS)http://semarc/name/21572 700 1 $aCombes, André,$c.$0(OLS)http://semarc/name/665 830 0$aTextes philosophiques du Moyen Age ;$v14.$0(OLS)http://semarc/title/28303 850 $aSeMil 852 $aSeMil$W1$xVenegono$y1$m2Q IV 134$j39381$B39381$CSeMilBibl$Z2$F39385 $81 900 0 $aTommaso : di Vercelli. 996 $6245$aCommentaires du Cantique des Cantiques$9(OLS)http://semarc/title/118233 996 $6264$aParis :$bLibrairie Philosophique J. Vrin$9(OLS)http://semarc/publisher/30022